| 000 | 00384nam a2200145Ia 4500 | ||
|---|---|---|---|
| 008 | 090122s9999 xx 000 0 und d | ||
| 082 |
_b4917 _a332.1 |
||
| 100 |
_aWadhva _bCharan _cD |
||
| 245 | _aRural Banks for Rural Devlopment | ||
| 600 | _aWadhva | ||
| 630 | _aRural Banks for Rural Devlopment | ||
| 700 | _aWadhva | ||
| 730 | _aRural Banks for Rural Devlopment | ||
| 942 | _cBOOK | ||
| 999 |
_c28995 _d28995 |
||